|
|
|
|
| LEADER |
01875nam a2200445Ia 4500 |
| 001 |
EBC3014795 |
| 003 |
MiAaPQ |
| 005 |
20200520144314.0 |
| 006 |
m o d | |
| 007 |
cr cn||||||||| |
| 008 |
980819s1998 dcua sb i100 0 eng |
| 010 |
|
|
|z 98011659
|
| 020 |
|
|
|z 9781455299140
|
| 020 |
|
|
|z 9781557757692
|
| 035 |
|
|
|a (MiAaPQ)EBC3014795
|
| 035 |
|
|
|a (Au-PeEL)EBL3014795
|
| 035 |
|
|
|a (CaPaEBR)ebr10557474
|
| 035 |
|
|
|a (CaONFJC)MIL384796
|
| 035 |
|
|
|a (OCoLC)655247906
|
| 040 |
|
|
|a MiAaPQ
|c MiAaPQ
|d MiAaPQ
|
| 043 |
|
|
|a fb-----
|
| 050 |
|
4 |
|a HF1611
|b .T734 1998
|
| 082 |
0 |
4 |
|a 382/.3/0967
|2 21
|
| 245 |
0 |
0 |
|a Trade reform and regional integration in Africa
|h [electronic resource] /
|c editors, Zubair Iqbal, Mohsin S. Khan.
|
| 260 |
|
|
|a Washington, D.C. :
|b IMF Institute, International Monetary Fund,
|c c1998.
|
| 300 |
|
|
|a xii, 509 p. :
|b ill.
|
| 500 |
|
|
|a "Papers presented at the IMF, African Economic Research Consortium seminar on Trade reform and regional integration in Africa, December 1-3, 1997."
|
| 504 |
|
|
|a Includes bibliographical references.
|
| 533 |
|
|
|a Electronic reproduction. Ann Arbor, MI : ProQuest, 2015. Available via World Wide Web. Access may be limited to ProQuest affiliated libraries.
|
| 651 |
|
0 |
|a Africa, Sub-Saharan
|x Commercial policy
|v Congresses.
|
| 651 |
|
0 |
|a Africa, Sub-Saharan
|x Economic conditions
|x Regional disparities
|v Congresses.
|
| 651 |
|
0 |
|a Africa, Sub-Saharan
|x Economic integration
|v Congresses.
|
| 651 |
|
0 |
|a Africa, Sub-Saharan
|x Foreign economic relations
|v Congresses.
|
| 655 |
|
4 |
|a Electronic books.
|
| 700 |
1 |
|
|a Iqbal, Zubair.
|
| 700 |
1 |
|
|a Khan, Mohsin S.
|
| 710 |
2 |
|
|a International Monetary Fund.
|
| 710 |
2 |
|
|a African Economic Research Consortium.
|
| 710 |
2 |
|
|a ProQuest (Firm)
|
| 856 |
4 |
0 |
|u https://ebookcentral.proquest.com/lib/matrademy/detail.action?docID=3014795
|z Click to View
|